[Event "Junior Online 4NCL Division 3"]
[Site "online"]
[Date "2022.01.20"]
[EventDate "2022.01.20"]
[Round "1.37"]
[White "Wong, Joseph"]
[WhiteElo "1299"]
[WhiteTeam "Wanstead Warriors B"]
[Black "Lukhi, Neev"]
[BlackElo "1003"]
[BlackTeam "Lenzie Dementors"]
[Result "0-1"]
[PlyCount "50"]

1. e4 e5 2. Nf3 Nc6 3. d4 exd4 4. Nxd4 Nf6 5. Nc3 Bd6 6. Be3 O-O 7. Bd3 Re8 8. Nxc6 dxc6 9. Qe2 Bb4 10. f3 Nd7 11. Bd2 Ne5 12. O-O-O Nxd3+ 13. Qxd3 Be6 14. Qe2 Qe7 15. a3 Bd6 16. h4 Rad8 17. Bg5 f6 18. Bd2 b5 19. Rhe1 a5 20. Nb1 b4 21. Qa6 bxa3 22. Nxa3 Bxa3 23. Qxa5 Ra8 24. Qc3 Bb4 25. Qe3 Ra1# 0-1

[Event "Junior Online 4NCL Division 3"]
[Site "online"]
[Date "2022.01.20"]
[EventDate "2022.01.20"]
[Round "1.38"]
[White "Tsagkarakis, Georgios"]
[WhiteElo "975"]
[WhiteTeam "Lenzie Dementors"]
[Black "Ta, Duc"]
[BlackElo "1215"]
[BlackTeam "Wanstead Warriors B"]
[Result "1-0"]
[PlyCount "137"]

1. e4 c6 2. c3 d5 3. d4 e6 4. exd5 cxd5 5. Bb5+ Nc6 6. Nf3 Bd7 7. Bf4 Nf6 8. Bxc6 Bxc6 9. Ne5 Qb6 10. Nxc6 bxc6 11. Qb3 c5 12. Nd2 c4 13. Qxb6 axb6 14. h3 b5 15. Ke2 Be7 16. f3 Nh5 17. Bh2 O-O 18. g4 Nf6 19. h4 Ra6 20. a3 Bd6 21. Bxd6 Rxd6 22. Rag1 Re8 23. f4 Ne4 24. Nxe4 dxe4 25. Ke3 f5 26. h5 Red8 27. g5 Ra6 28. Ra1 Ra4 29. Ra2 Rda8 30. Rha1 R8a7 31. Kd2 Kf7 32. Kc2 R4a6 33. b3 Ra8 34. a4 cxb3+ 35. Kxb3 Rxa4 36. Rxa4 Rxa4 37. Re1 Rc4 38. Rb1 Ke7 39. Kc2 e3 40. Rxb5 Kd6 41. Re5 e2 42. Kb3 Rc6 43. Rxe2 Rb6+ 44. Kc2 Ra6 45. Kd3 Ra3 46. Rb2 Ra6 47. Rb7 g6 48. Rxh7 gxh5 49. Rxh5 Kd5 50. g6 Ra7 51. Rh7 Ra8 52. Rf7 Rg8 53. g7 Kd6 54. c4 Kc6 55. Kc3 Kd6 56. Kd3 Kc6 57. Ke3 Kd6 58. Kf3 Kc6 59. Kg3 Kb6 60. Kh4 Ka5 61. Kh5 Kb4 62. c5 Kc4 63. Kh6 Kxd4 64. c6 e5 65. fxe5 Kxe5 66. Kh7 Rc8 67. g8=Q Rxg8 68. Kxg8 Ke6 69. c7 1-0

[Event "Junior Online 4NCL Division 3"]
[Site "online"]
[Date "2022.01.20"]
[EventDate "2022.01.20"]
[Round "1.41"]
[White "Bedretdinov, Rasul"]
[WhiteElo "1202"]
[WhiteTeam "Tetherdown Bishops"]
[Black "Pugh, Ben"]
[BlackElo "993"]
[BlackTeam "Barnet Knights D"]
[Result "1-0"]
[PlyCount "31"]

1. e4 c5 2. Nf3 d6 3. d4 Qc7 4. Nc3 e6 5. Be3 Ne7 6. Qd2 Nbc6 7. O-O-O g6 8. dxc5 Bd7 9. cxd6 Qa5 10. dxe7 Bxe7 11. Kb1 Bb4 12. Qxd7+ Kf8 13. Bh6+ Kg8 14. Ng5 Ne5 15. Qxb7 Bxc3 16. Qxa8+ 1-0

[Event "Junior Online 4NCL Division 3"]
[Site "online"]
[Date "2022.01.20"]
[EventDate "2022.01.20"]
[Round "1.42"]
[White "Marshall, Wilfred"]
[WhiteElo "886"]
[WhiteTeam "Barnet Knights D"]
[Black "Kirk, Alex"]
[BlackElo "1131"]
[BlackTeam "Tetherdown Bishops"]
[Result "1-0"]
[PlyCount "155"]

1. e4 e5 2. Nf3 Nc6 3. Nc3 Nf6 4. Bc4 Nxe4 5. Nxe4 d5 6. Bb5 dxe4 7. Nxe5 Bd7 8. Nxf7 Kxf7 9. Bc4+ Ke8 10. Qh5+ g6 11. Qd5 Qe7 12. O-O Nb4 13. Qxb7 Rc8 14. c3 Nc6 15. Bd5 Na5 16. Qxa7 Nc6 17. Qa6 Qd6 18. Bxe4 Ne5 19. Qe2 Rb8 20. d4 Bb5 21. Bc6+ Bxc6 22. dxe5 Qd5 23. f3 Bc5+ 24. Kh1 Rf8 25. e6 g5 26. c4 Qf5 27. Re1 Bd6 28. a3 Qg6 29. b4 Qh6 30. h3 Qh4 31. c5 Bg3 32. Rf1 Bb5 33. Qd2 Rd8 34. Qxg5 Qxg5 35. Bxg5 Bxf1 36. Bxd8 Kxd8 37. Rxf1 Ke7 38. Rc1 Bf4 39. Rc2 Bg3 40. c6 Rd8 41. Rc1 Bf4 42. Rb1 Rd6 43. b5 Rxe6 44. a4 Kd6 45. a5 Kc5 46. a6 Kb6 47. Ra1 Be5 48. Ra2 Bg3 49. Ra1 Bf4 50. a7 Re8 51. a8=Q Rxa8 52. Rxa8 Kxb5 53. Rh8 h6 54. g4 Kxc6 55. h4 Kd6 56. Kg2 c5 57. Kf2 Kd5 58. Ke2 c4 59. Kd1 Kd4 60. Rd8+ Kc3 61. Re8 Kb3 62. Re4 Bd6 63. Rd4 Be7 64. h5 Bh4 65. f4 c3 66. Kc1 Bf2 67. Rd3 Bg3 68. Rxg3 Kc4 69. f5 Kd4 70. f6 Ke5 71. f7 Kf4 72. Rxc3 Kxg4 73. f8=Q Kxh5 74. Qf5+ Kh4 75. Rc4+ Kg3 76. Qd3+ Kf2 77. Rc2+ Kg1 78. Qd1# 1-0

[Event "Junior Online 4NCL Division 3"]
[Site "online"]
[Date "2022.01.20"]
[EventDate "2022.01.20"]
[Round "1.43"]
[White "Murphy, Sam"]
[WhiteElo "1154"]
[WhiteTeam "Tetherdown Bishops"]
[Black "Sobolevski, Damien"]
[BlackElo "920"]
[BlackTeam "Barnet Knights D"]
[Result "1-0"]
[PlyCount "67"]

1. d4 Nf6 2. c4 g6 3. Nc3 Bg7 4. Bg5 Ng4 5. h3 Nf6 6. Qd2 d6 7. Bh6 O-O 8. Nf3 Bf5 9. Bxg7 Kxg7 10. e3 Nbd7 11. Bd3 Be6 12. d5 Bxd5 13. cxd5 c5 14. b3 Kg8 15. Ne4 Nxe4 16. Bxe4 Rb8 17. Bd3 Re8 18. e4 e5 19. Qh6 f5 20. Ng5 Re7 21. exf5 Qa5+ 22. Ke2 Nf6 23. fxg6 Rc8 24. gxh7+ Nxh7 25. Qg6+ Rg7 26. Qe6+ Kf8 27. Qxc8+ Ke7 28. Qe6+ Kf8 29. Nxh7+ Rxh7 30. Bxh7 Kg7 31. Qg6+ Kf8 32. Bg8 Ke7 33. Qe6+ Kf8 34. Qf7# 1-0

[Event "Junior Online 4NCL Division 3"]
[Site "online"]
[Date "2022.01.20"]
[EventDate "2022.01.20"]
[Round "1.44"]
[White "Finlay Fox, George"]
[WhiteElo "800"]
[WhiteTeam "Barnet Knights D"]
[Black "Thorburn, Rory"]
[BlackElo "1109"]
[BlackTeam "Tetherdown Bishops"]
[Result "0-1"]
[PlyCount "94"]

1. e4 e5 2. Bc4 Nc6 3. Qh5 g6 4. Qf3 Qe7 5. d3 Na5 6. Nh3 Nxc4 7. dxc4 d6 8. Bg5 f6 9. Bxf6 Nxf6 10. O-O Bxh3 11. Nc3 Bg4 12. Qg3 Bh5 13. Rae1 O-O-O 14. Na4 d5 15. cxd5 Qd7 16. Nc5 Qd6 17. Qc3 Qxc5 18. Qb3 Qb4 19. Qd3 Qxb2 20. Rb1 Qd4 21. Qb3 b6 22. c3 Qc5 23. Qa4 Qa5 24. Qc6 Rd6 25. Qa8+ Kd7 26. c4 Bg7 27. Qb7 Nxe4 28. Rb5 Qxa2 29. c5 Nxc5 30. Rc1 Nxb7 31. Rc4 Be2 32. Rcb4 Bxb5 33. Rxb5 Qxd5 34. Rxd5 Rxd5 35. h4 e4 36. f3 exf3 37. gxf3 b5 38. Kf2 b4 39. Ke3 b3 40. Ke4 Rd1 41. Ke3 b2 42. Ke2 b1=Q 43. Kf2 Rd3 44. Kg3 Be5+ 45. Kh3 Qh1+ 46. Kg4 Qg1+ 47. Kh3 Rxf3# 0-1

[Event "Junior Online 4NCL Division 3"]
[Site "online"]
[Date "2022.01.20"]
[EventDate "2022.01.20"]
[Round "1.45"]
[White "Pugh, Ben"]
[WhiteElo "993"]
[WhiteTeam "Barnet Knights D"]
[Black "Bedretdinov, Rasul"]
[BlackElo "1202"]
[BlackTeam "Tetherdown Bishops"]
[Result "0-1"]
[PlyCount "26"]

1. d4 d5 2. Bf4 e6 3. e3 Nf6 4. Bd3 Be7 5. c3 O-O 6. Nd2 Nbd7 7. Ne2 Re8 8. O-O Nf8 9. Qb3 Ng6 10. Bg5 c6 11. Bb1 Qc7 12. Qc2 Ng4 13. h3 Qh2# 0-1

[Event "Junior Online 4NCL Division 3"]
[Site "online"]
[Date "2022.01.20"]
[EventDate "2022.01.20"]
[Round "1.46"]
[White "Kirk, Alex"]
[WhiteElo "1131"]
[WhiteTeam "Tetherdown Bishops"]
[Black "Marshall, Wilfred"]
[BlackElo "886"]
[BlackTeam "Barnet Knights D"]
[Result "1-0"]
[PlyCount "45"]

1. e4 c5 2. Nf3 Nc6 3. Nc3 e6 4. Bc4 b6 5. Bb5 Bb7 6. d3 d5 7. Bxc6+ Bxc6 8. exd5 exd5 9. O-O Bd6 10. Re1+ Be7 11. Bg5 f6 12. Bf4 g6 13. Qe2 g5 14. Bg3 h5 15. h3 g4 16. Nh4 gxh3 17. Ng6 Rh6 18. Nxe7 Nxe7 19. gxh3 d4 20. Ne4 f5 21. Bf4 Rg6+ 22. Ng5 Qd5 23. Qxe7# 1-0

[Event "Junior Online 4NCL Division 3"]
[Site "online"]
[Date "2022.01.20"]
[EventDate "2022.01.20"]
[Round "1.47"]
[White "Sobolevski, Damien"]
[WhiteElo "920"]
[WhiteTeam "Barnet Knights D"]
[Black "Murphy, Sam"]
[BlackElo "1154"]
[BlackTeam "Tetherdown Bishops"]
[Result "0-1"]
[PlyCount "52"]

1. d4 d5 2. Bf4 Nf6 3. e3 a6 4. Bd3 Bg4 5. Qc1 e6 6. c3 Bd6 7. Bg3 Nc6 8. Qc2 Bxg3 9. hxg3 h6 10. Nd2 Qd7 11. Ngf3 O-O-O 12. O-O-O b5 13. Qb3 Na5 14. Qa3 Nc4 15. Qxa6+ Kb8 16. Bxc4 bxc4 17. Ne5 Qc8 18. Qb5+ Qb7 19. Qa4 Bxd1 20. Nxf7 Bxa4 21. Nxd8 Rxd8 22. Rd1 Bxd1 23. Kxd1 Qxb2 24. a4 Rd6 25. f4 Ne4 26. g4 Qxd2# 0-1

[Event "Junior Online 4NCL Division 3"]
[Site "online"]
[Date "2022.01.20"]
[EventDate "2022.01.20"]
[Round "1.48"]
[White "Thorburn, Rory"]
[WhiteElo "1109"]
[WhiteTeam "Tetherdown Bishops"]
[Black "Finlay Fox, George"]
[BlackElo "800"]
[BlackTeam "Barnet Knights D"]
[Result "1-0"]
[PlyCount "49"]

1. e4 e5 2. Nf3 Bc5 3. Nc3 d6 4. h3 Be6 5. d3 Nf6 6. a3 Nc6 7. b4 O-O 8. bxc5 dxc5 9. Bg5 Nh5 10. Bxd8 Raxd8 11. Nxe5 Nxe5 12. Qxh5 Ng6 13. Qxc5 b6 14. Qxc7 Rc8 15. Qxa7 Ne5 16. d4 Nc4 17. Bxc4 Bxc4 18. Nd5 Bxd5 19. exd5 Rcd8 20. Qxb6 Rfe8+ 21. Kd2 Re7 22. Rae1 Rde8 23. Rxe7 Rxe7 24. Qd8+ Re8 25. Qxe8# 1-0

[Event "Junior Online 4NCL Division 3"]
[Site "online"]
[Date "2022.01.20"]
[EventDate "2022.01.20"]
[Round "1.51"]
[White "Jowell, Leo"]
[WhiteElo "1225"]
[WhiteTeam "Edgware Gambits D"]
[Black "Quin, Wilder"]
[BlackElo "1227"]
[BlackTeam "Wanstead Warriors C"]
[Result "0-1"]
[PlyCount "128"]

1. d4 Nf6 2. c4 g6 3. Nc3 Bg7 4. Bf4 d6 5. Nf3 O-O 6. e4 Bg4 7. Be2 Nc6 8. O-O Nd7 9. Re1 Bxf3 10. Bxf3 e5 11. dxe5 dxe5 12. Be3 Nb6 13. c5 Nc4 14. b3 Nxe3 15. Rxe3 Qxd1+ 16. Rxd1 Rad8 17. Rxd8 Rxd8 18. g3 Rd2 19. Nd5 Rxa2 20. Nxc7 Nd4 21. Bd1 Rd2 22. Bg4 Rc2 23. b4 Rc4 24. Nd5 f5 25. exf5 Nxf5 26. Bxf5 gxf5 27. Ne7+ Kf7 28. Nxf5 Rxb4 29. Nd6+ Ke6 30. Ne4 Kf5 31. Nd6+ Ke6 32. Ne8 Bf6 33. Nxf6 Kxf6 34. Rf3+ Ke6 35. Rd3 Rd4 36. Ra3 a6 37. Rb3 Rd7 38. Ra3 Kd5 39. Rd3+ Kc6 40. Rc3 Rd5 41. Rc4 Rxc5 42. Rh4 Rc1+ 43. Kg2 a5 44. Rxh7 Rb1 45. Rh5 Kd5 46. f4 Re1 47. f5 Rc1 48. f6 Ke6 49. Rh6 Rc7 50. g4 Rf7 51. g5 a4 52. g6 Rxf6 53. g7 Rxh6 54. g8=Q+ Kf6 55. Qc4 a3 56. Qb3 Rg6+ 57. Kh1 a2 58. Qxa2 Kf5 59. Qc2+ e4 60. Qf2+ Ke5 61. Qc5+ Kf4 62. Qc7+ Kf3 63. Qxb7 Kf2 64. Qxe4 Rg1# 0-1

[Event "Junior Online 4NCL Division 3"]
[Site "online"]
[Date "2022.01.20"]
[EventDate "2022.01.20"]
[Round "1.52"]
[White "Qureshi, Zain"]
[WhiteElo "1111"]
[WhiteTeam "Wanstead Warriors C"]
[Black "Patel, Rohan"]
[BlackElo "1178"]
[BlackTeam "Edgware Gambits D"]
[Result "1/2-1/2"]
[PlyCount "118"]

1. e4 e5 2. Nc3 Nf6 3. f4 exf4 4. e5 Qe7 5. Qe2 Ng8 6. Nf3 Nc6 7. d4 Qb4 8. Qd1 Be7 9. Bxf4 f6 10. a3 Qxb2 11. Bd2 a6 12. Bc4 Qb6 13. Bf4 Qa5 14. Bd2 fxe5 15. Nd5 Qa4 16. Nxc7+ Kd8 17. Bb3 Qxb3 18. cxb3 Kxc7 19. dxe5 Bc5 20. Rc1 Bxa3 21. Ra1 Bb2 22. Ra2 Bxe5 23. Nxe5 Nxe5 24. Bf4 d6 25. Qd4 Be6 26. Bxe5 dxe5 27. Qxe5+ Kd7 28. Qxg7+ Ne7 29. Re2 Rhe8 30. O-O Bxb3 31. Qd4+ Nd5 32. Rxe8 Rxe8 33. Qg7+ Re7 34. Rf7 a5 35. Rxe7+ Nxe7 36. Qd4+ Nd5 37. Qg4+ Kc6 38. Qe6+ Kc5 39. Qc8+ Kb6 40. Qd8+ Kb5 41. Qe8+ Kb6 42. Qd8+ Kb5 43. Qd7+ Kc5 44. Qxb7 a4 45. Qxh7 a3 46. Qb1 a2 47. Qa1 Nb4 48. Qc3+ Kb5 49. Qe5+ Ka4 50. Qd4 Ka3 51. Qa7+ Kb2 52. Qf2+ Nc2 53. Qf6+ Ka3 54. Qa6+ Ba4 55. Qd3+ Kb2 56. Qf1 Ne3 57. Qe2+ Nc2 58. Qe5+ Kb1 59. Qb8+ Kc1 1/2-1/2

[Event "Junior Online 4NCL Division 3"]
[Site "online"]
[Date "2022.01.20"]
[EventDate "2022.01.20"]
[Round "1.53"]
[White "Szajman, Adam"]
[WhiteElo "1117"]
[WhiteTeam "Edgware Gambits D"]
[Black "Chu, Ray"]
[BlackElo "1050"]
[BlackTeam "Wanstead Warriors C"]
[Result "1-0"]
[PlyCount "81"]

1. d4 Nf6 2. c4 g6 3. Nc3 Bg7 4. Nf3 O-O 5. e3 d6 6. e4 Re8 7. Be2 Bg4 8. O-O e5 9. dxe5 dxe5 10. Qxd8 Rxd8 11. Nxe5 Bxe2 12. Nxe2 Nxe4 13. f3 Nd6 14. Nc3 Bxe5 15. Nd5 Bg7 16. Bg5 Rd7 17. Rab1 Nxc4 18. b3 Nd2 19. Rfd1 Nxb1 20. Ne7+ Rxe7 21. Bxe7 Nc3 22. Rd8+ Bf8 23. Bxf8 h5 24. Bb4+ Kg7 25. Bxc3+ Kh6 26. Bd2+ Kg7 27. Bc3+ Kh6 28. Be5 Kg5 29. Bxc7 Kf5 30. Rxb8 Rxb8 31. Bxb8 Ke6 32. Bxa7 Kd5 33. Kf2 Kc6 34. Ke3 Kb5 35. Kd3 Kb4 36. Kc2 Ka3 37. Kc3 Kxa2 38. b4 Ka3 39. b5 Ka4 40. Kc4 Ka5 41. Kc5 1-0

[Event "Junior Online 4NCL Division 3"]
[Site "online"]
[Date "2022.01.20"]
[EventDate "2022.01.20"]
[Round "1.54"]
[White "Williams, Frank"]
[WhiteElo "1017"]
[WhiteTeam "Wanstead Warriors C"]
[Black "Wen, Liana"]
[BlackElo "1154"]
[BlackTeam "Edgware Gambits D"]
[Result "1-0"]
[PlyCount "167"]

1. e4 c5 2. c3 d6 3. d4 cxd4 4. cxd4 Nf6 5. Nc3 Nc6 6. Bb5 a6 7. Ba4 b5 8. Bb3 g6 9. a3 Bg7 10. Nf3 O-O 11. O-O Bg4 12. Be3 b4 13. axb4 Nxb4 14. h3 Bxf3 15. Qxf3 Nd3 16. Qe2 Nb4 17. h4 Nh5 18. Qd2 Qd7 19. Ne2 Nc6 20. Nf4 Qg4 21. Nxh5 Qxh5 22. Ba4 Nd8 23. Bd1 Qxh4 24. Bg5 Qxe4 25. Bf3 Qxd4 26. Bxa8 Qg4 27. Bf3 Qd4 28. Qxd4 Bxd4 29. Bxe7 Re8 30. Bxd8 Rxd8 31. Rxa6 Bxb2 32. Rd1 Be5 33. Ra3 h5 34. Rad3 h4 35. Re1 Bf4 36. Rd4 g5 37. Rde4 d5 38. Re8+ Rxe8 39. Rxe8+ Kg7 40. Bxd5 g4 41. Re4 Bd6 42. Rxg4+ Kf6 43. Rxh4 Kg5 44. Rh3 f5 45. Kf1 Bc5 46. Ke2 Kf4 47. Rf3+ Ke5 48. Bg8 f4 49. g3 fxg3 50. fxg3 Ke4 51. Bh7+ Ke5 52. g4 Be7 53. Rf5+ Ke4 54. g5 Bxg5 55. Rxg5+ Kf4 56. Ra5 Kg4 57. Kf2 Kf4 58. Ra4+ Kg5 59. Kg3 Kh6 60. Kh4 Kxh7 61. Kg5 Kg7 62. Ra7+ Kf8 63. Kf6 Ke8 64. Ke6 Kf8 65. Re7 Kg8 66. Kf6 Kf8 67. Rf7+ Ke8 68. Ke6 Kd8 69. Re7 Kc8 70. Rd7 Kb8 71. Kd6 Kc8 72. Kc6 Kb8 73. Rc7 Ka8 74. Rc8+ Ka7 75. Rc7+ Ka6 76. Rc8 Ka5 77. Kc5 Ka4 78. Kc4 Ka5 79. Kc5 Ka6 80. Rb8 Ka7 81. Rb1 Ka6 82. Rb2 Ka7 83. Kc6 Ka6 84. Ra2# 1-0

[Event "Junior Online 4NCL Division 3"]
[Site "online"]
[Date "2022.01.20"]
[EventDate "2022.01.20"]
[Round "1.55"]
[White "Quin, Wilder"]
[WhiteElo "1227"]
[WhiteTeam "Wanstead Warriors C"]
[Black "Jowell, Leo"]
[BlackElo "1225"]
[BlackTeam "Edgware Gambits D"]
[Result "0-1"]
[PlyCount "64"]

1. e4 c5 2. Nf3 g6 3. d4 cxd4 4. Nxd4 Bg7 5. Nc3 Nf6 6. Be3 Nc6 7. Bb5 O-O 8. Qd2 d5 9. Bh6 Nxd4 10. Bxg7 dxe4 11. Bxf8 Bh3 12. Bh6 Bxg2 13. Rg1 Nf3+ 14. Ke2 Nxd2 15. Bxd2 Bf3+ 16. Ke1 Ng4 17. Be2 Nxh2 18. Rd1 Bxe2 19. Kxe2 Nf3 20. Rg4 Nd4+ 21. Kf1 Nxc2 22. Rxe4 Qd3+ 23. Kg2 f5 24. Rxe7 Rc8 25. Rg7+ Kh8 26. Kg1 Qh3 27. Rxb7 Qg4+ 28. Kf1 Qf3 29. Rxa7 Rd8 30. Re7 Kg8 31. Re2 Nd4 32. Re3 Qh1# 0-1

[Event "Junior Online 4NCL Division 3"]
[Site "online"]
[Date "2022.01.20"]
[EventDate "2022.01.20"]
[Round "1.56"]
[White "Patel, Rohan"]
[WhiteElo "1178"]
[WhiteTeam "Edgware Gambits D"]
[Black "Qureshi, Zain"]
[BlackElo "1111"]
[BlackTeam "Wanstead Warriors C"]
[Result "0-1]
[PlyCount "92"]

1. e4 e6 2. d4 d5 3. e5 c5 4. c3 Nc6 5. Nf3 Qb6 6. Na3 cxd4 7. cxd4 Bxa3 8. bxa3 Bd7 9. Qb3 Nge7 10. Bg5 Nf5 11. Qc3 Ncxd4 12. Nxd4 Qxd4 13. Qxd4 Nxd4 14. Rc1 O-O 15. Bd3 Rac8 16. O-O Rc6 17. Rfe1 Rfc8 18. h3 h6 19. Be3 Rxc1 20. Rxc1 Rxc1+ 21. Bxc1 Bb5 22. Bxb5 Nxb5 23. a4 Nc3 24. Be3 a6 25. a5 Nxa2 26. Bb6 Kf8 27. Bc5+ Ke8 28. Bd6 Nc3 29. Kf1 Kd7 30. Ke1 Ne4 31. Ba3 Kc6 32. f3 Nc5 33. Kd2 Nb3+ 34. Kc3 Nxa5 35. Bf8 g6 36. Bxh6 Nc4 37. Kd4 b5 38. Bc1 Kd7 39. f4 Kc6 40. Kc3 Kc5 41. Kb3 Na5+ 42. Kc3 Nc6 43. Ba3+ b4+ 44. Bxb4+ Nxb4 45. Kb3 Nd3 46. g4 Nxf4 0-1

[Event "Junior Online 4NCL Division 3"]
[Site "online"]
[Date "2022.01.20"]
[EventDate "2022.01.20"]
[Round "1.57"]
[White "Chu, Ray"]
[WhiteElo "1050"]
[WhiteTeam "Wanstead Warriors C"]
[Black "Szajman, Adam"]
[BlackElo "1117"]
[BlackTeam "Edgware Gambits D"]
[Result "1-0"]
[PlyCount "55"]

1. d4 e6 2. Nf3 d5 3. Bf4 Nf6 4. e3 Nh5 5. Bg3 Nc6 6. c4 dxc4 7. Bxc4 Bb4+ 8. Nc3 O-O 9. Ne5 Nxg3 10. Nxc6 bxc6 11. hxg3 c5 12. Qf3 Rb8 13. a3 cxd4 14. axb4 dxc3 15. bxc3 Bb7 16. Qh5 h6 17. O-O Ra8 18. Rfd1 Qg5 19. Qxg5 hxg5 20. f4 gxf4 21. gxf4 f5 22. Bxe6+ Kh7 23. Kf2 Kg6 24. Rd7 Rfb8 25. Ra5 c6 26. Bxf5+ Kf6 27. g4 Bc8 28. g5# 1-0

[Event "Junior Online 4NCL Division 3"]
[Site "online"]
[Date "2022.01.20"]
[EventDate "2022.01.20"]
[Round "1.58"]
[White "Wen, Liana"]
[WhiteElo "1154"]
[WhiteTeam "Edgware Gambits D"]
[Black "Williams, Frank"]
[BlackElo "1017"]
[BlackTeam "Wanstead Warriors C"]
[Result "0-1"]
[PlyCount "66"]

1. d4 Nf6 2. c4 c5 3. e3 Nc6 4. Nf3 d6 5. Nc3 cxd4 6. exd4 e6 7. d5 exd5 8. cxd5 Ne5 9. Nxe5 dxe5 10. Bb5+ Bd7 11. Bg5 Bxb5 12. Nxb5 Bb4+ 13. Bd2 Bxd2+ 14. Qxd2 O-O 15. O-O Nxd5 16. Rae1 Nf4 17. Qxd8 Raxd8 18. Rxe5 a6 19. Nc7 Rc8 20. Nd5 Nxd5 21. Rxd5 Rc2 22. Rfd1 Rxb2 23. Rd8 Rxa2 24. h3 h6 25. R1d7 Rb2 26. Rd6 a5 27. Rd4 b5 28. R8d5 a4 29. Rd1 a3 30. Ra1 a2 31. Rd3 Rb1+ 32. Rxb1 axb1=Q+ 33. Kh2 Qxd3 0-1

[Event "Junior Online 4NCL Division 3"]
[Site "online"]
[Date "2022.01.20"]
[EventDate "2022.01.20"]
[Round "1.62"]
[White "Tao, Lucas"]
[WhiteElo "1200"]
[WhiteTeam "London Dragons Californium"]
[Black "Kuchibhatla, Ishaan Sai"]
[BlackElo "1187"]
[BlackTeam "Uxbridge C"]
[Result "0-1"]
[PlyCount "46"]

1. e4 c5 2. Nf3 Nc6 3. d4 cxd4 4. Nxd4 e5 5. Nb5 Qa5+ 6. Bd2 Qd8 7. Bc4 Nf6 8. N1c3 a6 9. Na3 b5 10. Bd5 b4 11. Bxc6 dxc6 12. Ne2 bxa3 13. bxa3 Nxe4 14. Rb1 Qxd2+ 15. Qxd2 Nxd2 16. Kxd2 Bxa3 17. Nc3 O-O 18. Ke2 a5 19. Rhd1 Ba6+ 20. Ke1 Bb4 21. Rb3 Bc4 22. Rd3 Bxb3 23. axb3 Rad8 0-1

[Event "Junior Online 4NCL Division 3"]
[Site "online"]
[Date "2022.01.20"]
[EventDate "2022.01.20"]
[Round "1.64"]
[White "Yang, Miao"]
[WhiteElo "1240"]
[WhiteTeam "London Dragons Californium"]
[Black "Tanisetty, Mithul"]
[BlackElo "1000"]
[BlackTeam "Uxbridge C"]
[Result "0-1"]
[PlyCount "74"]

1. e4 e5 2. Nf3 Nf6 3. Nxe5 Nxe4 4. Qe2 d6 5. Qxe4 dxe5 6. Qxe5+ Be6 7. Bb5+ c6 8. Bd3 Nd7 9. Qe3 Bc5 10. Qd4 Bxd4 11. O-O O-O 12. Re1 Re8 13. c3 Bc4 14. Bxc4 Rxe1+ 15. Bf1 Rxc1 16. cxd4 Qe8 17. h3 Qe1 18. d3 Qxf1+ 19. Kh2 Rxb1 20. Rxb1 Qxb1 21. f4 f5 22. h4 Qxd3 23. g3 Qxd4 24. h5 g6 25. hxg6 hxg6 26. Kh3 Qf6 27. b4 Qh8+ 28. Kg2 b5 29. Kf3 Qh1+ 30. Ke3 Qe1+ 31. Kf3 Qe4+ 32. Kf2 Re8 33. a3 Qe2+ 34. Kg1 Qe1+ 35. Kg2 Re2+ 36. Kh3 g5 37. fxg5 Qh1# 0-1

[Event "Junior Online 4NCL Division 3"]
[Site "online"]
[Date "2022.01.20"]
[EventDate "2022.01.20"]
[Round "1.65"]
[White "Wang, Hantin"]
[WhiteElo "1270"]
[WhiteTeam "London Dragons Californium"]
[Black "Kapoor, Devansh"]
[BlackElo "1220"]
[BlackTeam "Uxbridge C"]
[Result "1-0"]
[PlyCount "69"]

1. d4 e6 2. e4 c5 3. dxc5 Bxc5 4. Nc3 Nf6 5. Bf4 Nc6 6. Bc4 d5 7. exd5 exd5 8. Nxd5 Nxd5 9. Qxd5 Qxd5 10. Bxd5 Nd4 11. Bb3 O-O 12. c3 Re8+ 13. Be3 Nxb3 14. axb3 Bxe3 15. fxe3 Rxe3+ 16. Kf2 Rd3 17. Nf3 Bg4 18. Rad1 Rxd1 19. Rxd1 h6 20. Rd4 Bxf3 21. Kxf3 Re8 22. Re4 Rd8 23. Rd4 Re8 24. Rd2 Re1 25. Re2 Rh1 26. g3 g5 27. Kg2 Ra1 28. Kf2 b6 29. Ke3 f5 30. Kd4 Rd1+ 31. Ke5 Rf1 32. Kf6 f4 33. gxf4 Rxf4+ 34. Kg6 Rh4 35. Re8# 1-0

[Event "Junior Online 4NCL Division 3"]
[Site "online"]
[Date "2022.01.20"]
[EventDate "2022.01.20"]
[Round "1.66"]
[White "Kuchibhatla, Ishaan Sai"]
[WhiteElo "1187"]
[WhiteTeam "Uxbridge C"]
[Black "Tao, Lucas"]
[BlackElo "1200"]
[BlackTeam "London Dragons Californium"]
[Result "1-0"]
[PlyCount "40"]

1. d4 d5 2. Bf4 Bf5 3. Nf3 e6 4. e3 Bd6 5. Bg3 Nf6 6. Nc3 Nbd7 7. Be2 c5 8. Bxd6 cxd4 9. Nb5 Qa5+ 10. b4 Qd8 11. Nc7+ Qxc7 12. Bxc7 Rc8 13. Bf4 Bxc2 14. Qxd4 O-O 15. Qxa7 b5 16. Bxb5 Rfd8 17. Bg5 Be4 18. Bxf6 Nxf6 19. Ba6 Ra8 20. Qc7 Rdc8 1-0

[Event "Junior Online 4NCL Division 3"]
[Site "online"]
[Date "2022.01.20"]
[EventDate "2022.01.20"]
[Round "1.67"]
[White "Li, Leo"]
[WhiteElo "1260"]
[WhiteTeam "London Dragons Californium"]
[Black "Tanisetty, Hemesh"]
[BlackElo "1000"]
[BlackTeam "Uxbridge C"]
[Result "1-0"]
[PlyCount "57"]

1. g3 e5 2. Bg2 Nc6 3. Nf3 d5 4. Nc3 Nf6 5. d3 d4 6. Na4 b6 7. e4 Be6 8. O-O Qd7 9. c4 Bh3 10. Bxh3 Qxh3 11. Bg5 Ng4 12. Qb3 Be7 13. Bxe7 Kxe7 14. Qa3+ Kd7 15. c5 Rad8 16. cxb6 axb6 17. Rac1 f5 18. exf5 Rdf8 19. Nxb6+ Ke8 20. Rxc6 Rxf5 21. Re6+ Kf7 22. Qe7+ Kg8 23. Qd8+ Kf7 24. Qe7+ Kg8 25. Nd7 h6 26. Qe8+ Kh7 27. Qg6+ Kg8 28. Qxf5 e4 29. Re8# 1-0

[Event "Junior Online 4NCL Division 3"]
[Site "online"]
[Date "2022.01.20"]
[EventDate "2022.01.20"]
[Round "1.68"]
[White "Tanisetty, Mithul"]
[WhiteElo "1000"]
[WhiteTeam "Uxbridge C"]
[Black "Yang, Miao"]
[BlackElo "1240"]
[BlackTeam "London Dragons Californium"]
[Result "1-0"]
[PlyCount "21"]

1. e4 e5 2. Nf3 Nc6 3. Bc4 Nf6 4. Ng5 Bc5 5. Nxf7 Bxf2+ 6. Kxf2 Nxe4+ 7. Kg1 Qf6 8. Qf1 Qg6 9. Nxh8 Qg5 10. Qf7+ Kd8 11. Qf8# 1-0

[Event "Junior Online 4NCL Division 3"]
[Site "online"]
[Date "2022.01.20"]
[EventDate "2022.01.20"]
[Round "1.71"]
[White "Karadkar, Aryan"]
[WhiteElo "1380"]
[WhiteTeam "Chess Challengers B"]
[Black "Rapally, Meenakshi"]
[BlackElo "1080"]
[BlackTeam "Chess Challengers E"]
[Result "0-1"]
[PlyCount "98"]

1. e4 e6 2. Nc3 Nc6 3. f4 d5 4. Nf3 Nge7 5. Bd3 g6 6. b3 Bg7 7. Bb2 O-O 8. Rb1 dxe4 9. Bxe4 e5 10. fxe5 Nxe5 11. h4 Bf5 12. Bxb7 Rb8 13. Ba6 Nxf3+ 14. gxf3 Nc6 15. d3 Re8+ 16. Kf2 Bd4+ 17. Kf1 Rb6 18. Bc4 Ne5 19. Ne4 Be3 20. d4 Nc6 21. c3 a5 22. Ke2 Bxe4 23. fxe4 Rxe4 24. Kd3 Re8 25. h5 Bh6 26. Kc2 Qd7 27. hxg6 Qf5+ 28. Bd3 Qf2+ 29. Be2 Rxe2+ 30. Kd3 Qf3+ 31. Kc4 Ne5+ 32. dxe5 Qc6+ 33. Kd4 Qe4+ 34. Kc5 Bf8+ 35. Qd6 Bxd6+ 36. exd6 Rxd6 37. gxh7+ Kh8 38. c4+ f6 39. Bxf6+ Rxf6 40. Rbd1 Rf5+ 41. Rd5 Rxd5+ 42. cxd5 Qxh1 43. d6 cxd6+ 44. Kxd6 Qxh7 45. a3 Rd2+ 46. Kc5 Qe7+ 47. Kb5 Qxa3 48. Ka6 Qxb3 49. Kxa5 Ra2# 0-1

[Event "Junior Online 4NCL Division 3"]
[Site "online"]
[Date "2022.01.20"]
[EventDate "2022.01.20"]
[Round "1.72"]
[White "Kulkarni, Esha"]
[WhiteElo "1070"]
[WhiteTeam "Chess Challengers E"]
[Black "Pyla, Akhil"]
[BlackElo "1336"]
[BlackTeam "Chess Challengers B"]
[Result "0-1"]
[PlyCount "44"]

1. e4 c5 2. Nc3 Nc6 3. Nf3 e6 4. Bc4 g6 5. O-O Bg7 6. h3 Nge7 7. d3 O-O 8. Ng5 f6 9. Nf3 f5 10. exf5 Nxf5 11. Ng5 Nfd4 12. Qg4 h6 13. Nf3 Nxf3+ 14. Qxf3 Rxf3 15. gxf3 Qg5+ 16. Kh2 Be5+ 17. Kh1 Qh5 18. Kg2 Bxc3 19. bxc3 Ne5 20. Rb1 Qxf3+ 21. Kg1 Qxh3 22. Bf4 Nf3# 0-1